Manual de conocimientos de Matemática. Concepto de los numeros, suma, resta (Record no. 8206)

MARC details
000 -LEADER
campo de control de longitud fija 00359nam a2200133Ia 4500
001 - NÚMERO DE CONTROL
campo de control 1852
008 - DATOS DE LONGITUD FIJA--INFORMACIÓN GENERAL
campo de control de longitud fija 241024s9999 xx 000 0 und d
082 ## - NÚMERO DE LA CLASIFICACIÓN DECIMAL DEWEY
Número de clasificación RD/510/K82m
100 ## - ENTRADA PRINCIPAL--NOMBRE DE PERSONA
Nombre de persona Rieko Kondo
245 #0 - MENCIÓN DEL TÍTULO
Título Manual de conocimientos de Matemática. Concepto de los numeros, suma, resta
260 ## - PUBLICACIÓN, DISTRIBUCIÓN, ETC.
Nombre del editor, distribuidor, etc. JICA
Fecha de publicación, distribución, etc. 2004
901 ## - ELEMENTOS DE DATOS A LOCAL LDA (RLIN)
a 30/9/2011 9:29:13 a.m.

No items available.

© 2024. Todos los Derechos Reservados. Desarrollado por IDEICE